[Event "Northumbria Masters Open"]
[Site "Newcastle"]
[Date "2021.08.30"]
[Round "9.15"]
[White "Boswell, Jacob Connor"]
[Black "Smith, Andrew Philip"]
[Result "1/2-1/2"]
[WhiteElo "2012"]
[BlackElo "2144"]
[PlyCount "104"]
[EventDate "2021.08.26"]
[EventType "swiss"]
[EventRounds "9"]
[EventCountry "ENG"]
[SourceTitle "The Week in Chess 1399"]
[Source "Mark Crowther"]
[SourceDate "2021.08.30"]
[SourceVersion "1"]
[SourceVersionDate "2021.08.30"]
[SourceQuality "2"]

1. d4 Nf6 2. c4 c5 3. d5 e6 4. Nc3 exd5 5. cxd5 d6 6. e4 g6 7. Nf3 Bg7 8. Be2
O-O 9. O-O a6 10. a4 Bg4 11. Nd2 Bxe2 12. Qxe2 Nbd7 13. f4 Re8 14. Qf3 c4 15.
Nxc4 Rc8 16. Nd2 b5 17. axb5 axb5 18. Kh1 b4 19. Nd1 Nc5 20. Nf2 Qe7 21. e5
dxe5 22. fxe5 Qxe5 23. Ng4 Nxg4 24. Qxg4 Qxd5 25. Qxb4 Nd3 26. Qb3 Qxb3 27.
Nxb3 Rb8 28. Na5 Bxb2 29. Bxb2 Rxb2 30. Nc4 Rc2 31. Ra3 Nf2+ 32. Kg1 Ng4 33. h3
Rxc4 34. hxg4 Rxg4 35. Ra7 Rf8 36. Rc1 h5 37. Rcc7 Kg7 38. Kh2 Rf4 39. Kg3 Rf5
40. Kh3 Re8 41. Kg3 Re3+ 42. Kh2 Rf2 43. Rcb7 h4 44. Rc7 Rg3 45. Rc8 Rfxg2+ 46.
Kh1 g5 47. Rxf7+ Kxf7 48. Rc7+ Ke6 49. Rc6+ Kf5 50. Rc5+ Kg4 51. Rxg5+ Kh3 52.
Rxg3+ hxg3 1/2-1/2

[Event "Northumbria Masters Open"]
[Site "Newcastle"]
[Date "2021.08.30"]
[Round "9.16"]
[White "Kett, Timothy"]
[Black "Villiers, Thomas"]
[Result "0-1"]
[WhiteElo "2167"]
[BlackElo "2165"]
[PlyCount "40"]
[EventDate "2021.08.26"]
[EventType "swiss"]
[EventRounds "9"]
[EventCountry "ENG"]
[SourceTitle "The Week in Chess 1399"]
[Source "Mark Crowther"]
[SourceDate "2021.08.30"]
[SourceVersion "1"]
[SourceVersionDate "2021.08.30"]
[SourceQuality "2"]

1. e4 c5 2. Nc3 e6 3. Nf3 Nc6 4. d4 cxd4 5. Nxd4 Bb4 6. Be2 Nf6 7. O-O Bxc3 8.
bxc3 Nxe4 9. Qd3 d5 10. Ba3 Qa5 11. Nb5 a6 12. Nd6+ Nxd6 13. Bxd6 Qd8 14. Qg3
Qf6 15. c4 Nd4 16. Bd3 dxc4 17. Be5 cxd3 18. Qe3 Nf5 19. Qf4 Qh4 20. g4 Ne7 0-1

[Event "Northumbria Masters Open"]
[Site "Newcastle"]
[Date "2021.08.30"]
[Round "9.17"]
[White "Clarke, Connor"]
[Black "Guthrie, David"]
[Result "0-1"]
[WhiteElo "1691"]
[BlackElo "2165"]
[PlyCount "98"]
[EventDate "2021.08.26"]
[EventType "swiss"]
[EventRounds "9"]
[EventCountry "ENG"]
[SourceTitle "The Week in Chess 1399"]
[Source "Mark Crowther"]
[SourceDate "2021.08.30"]
[SourceVersion "1"]
[SourceVersionDate "2021.08.30"]
[SourceQuality "2"]

1. d4 Nf6 2. Nc3 d5 3. Bf4 e6 4. Nb5 Na6 5. a3 Be7 6. e3 c6 7. Nc3 O-O 8. Nf3
c5 9. Ne5 Nb8 10. dxc5 Bxc5 11. Bd3 a6 12. Qf3 Nc6 13. g4 Nxe5 14. Bxe5 Nd7 15.
Bg3 Qf6 16. Qxf6 gxf6 17. O-O-O Ne5 18. Be2 b5 19. g5 Be7 20. e4 d4 21. Rxd4
Nc6 22. gxf6 Nxd4 23. fxe7 Nxe2+ 24. Nxe2 Re8 25. Rg1 f6 26. Bd6+ Kf7 27. f4
Bd7 28. e5 Rg8 29. Ng3 f5 30. Rd1 Bc6 31. Kd2 h5 32. Kc3 h4 33. Ne2 Bf3 34. Rd2
Rac8+ 35. Kb4 Rg2 36. Bc5 Rxc5 37. Kxc5 Rxe2 38. Rd3 Rxc2+ 39. Kd6 Bc6 40. Rh3
Be8 41. Rc3 Rxc3 42. bxc3 a5 43. Kc5 Kxe7 44. Kb6 a4 45. Kc7 Bd7 46. Kb6 Kd8
47. Kb7 Be8 48. Kb6 Kc8 49. h3 Kb8 0-1

[Event "Northumbria Masters Open"]
[Site "Newcastle"]
[Date "2021.08.30"]
[Round "9.18"]
[White "Green, Andrew D"]
[Black "Faulkner, Martin J"]
[Result "1-0"]
[WhiteElo "2154"]
[BlackElo "1874"]
[PlyCount "91"]
[EventDate "2021.08.26"]
[EventType "swiss"]
[EventRounds "9"]
[EventCountry "ENG"]
[SourceTitle "The Week in Chess 1399"]
[Source "Mark Crowther"]
[SourceDate "2021.08.30"]
[SourceVersion "1"]
[SourceVersionDate "2021.08.30"]
[SourceQuality "2"]

1. d4 Nf6 2. Nf3 d5 3. Bf4 c5 4. e3 Nc6 5. Nbd2 Bf5 6. dxc5 e6 7. Nd4 Bxc5 8.
Nxf5 exf5 9. c3 Bd6 10. Qf3 Bxf4 11. Qxf4 g6 12. Be2 Qe7 13. Rd1 Rd8 14. O-O
O-O 15. Nb3 a6 16. Qh4 Kg7 17. Nd4 Nxd4 18. Rxd4 h6 19. Bd1 Rfe8 20. Bb3 Rd6
21. Rfd1 Re6 22. Qf4 Re5 23. h4 Nh5 24. Qf3 f4 25. exf4 Re2 26. g3 Nf6 27. Bxd5
b5 28. Bc6 Re1+ 29. Kg2 Rxd1 30. Rxd1 Rc8 31. Bb7 Rc7 32. Bxa6 Ra7 33. Bxb5
Rxa2 34. Rb1 Ne4 35. Bc4 Nd2 36. Qd3 Nxc4 37. Qxc4 Qb7+ 38. Kg1 Ra5 39. Qd4+
Kh7 40. b4 Rd5 41. Qe3 Rd7 42. Re1 Qc7 43. Qe5 Qc4 44. f5 g5 45. f6 Qc6 46.
Qf5+ 1-0

[Event "Northumbria Masters Open"]
[Site "Newcastle"]
[Date "2021.08.30"]
[Round "9.20"]
[White "Milson, Samuel A"]
[Black "Khoury, Theo"]
[Result "1-0"]
[WhiteElo "2106"]
[BlackElo "1697"]
[PlyCount "91"]
[EventDate "2021.08.26"]
[EventType "swiss"]
[EventRounds "9"]
[EventCountry "ENG"]
[SourceTitle "The Week in Chess 1399"]
[Source "Mark Crowther"]
[SourceDate "2021.08.30"]
[SourceVersion "1"]
[SourceVersionDate "2021.08.30"]
[SourceQuality "2"]

1. e4 c5 2. Nf3 d6 3. d4 cxd4 4. Qxd4 Nc6 5. Bb5 Bd7 6. Bxc6 Bxc6 7. c4 e5 8.
Qd3 h6 9. Nc3 Nf6 10. O-O Be7 11. b3 O-O 12. h3 a6 13. Rd1 Qd7 14. a4 Rfd8 15.
Ba3 Qe6 16. Qe2 Rac8 17. Rd3 Nh5 18. Bc1 Qg6 19. Kh2 a5 20. Bd2 b6 21. Rd1 Rf8
22. Bc1 f5 23. exf5 Qxf5 24. Nd5 Bxd5 25. Rxd5 Nf4 26. Bxf4 Qxf4+ 27. Kg1 Rc5
28. Ne1 Qf5 29. R5d2 Rd8 30. Nc2 Qg6 31. Qd3 Qe6 32. Qe4 Bg5 33. Rd3 Qe7 34. g3
Qc7 35. h4 Bf6 36. Ne3 Qc6 37. Nd5 Rf8 38. Rf3 Kh8 39. Qg6 Be7 40. Rxf8+ Bxf8
41. Rd3 Qd7 42. Nxb6 Qd8 43. Nd5 Rc8 44. Rf3 Qe8 45. Rf7 Rb8 46. Nf6 1-0

[Event "Northumbria Masters Open"]
[Site "Newcastle"]
[Date "2021.08.30"]
[Round "9.21"]
[White "Ther, Mate"]
[Black "Jukes, Sam"]
[Result "1-0"]
[WhiteElo "1964"]
[BlackElo "1846"]
[PlyCount "73"]
[EventDate "2021.08.26"]
[EventType "swiss"]
[EventRounds "9"]
[EventCountry "ENG"]
[SourceTitle "The Week in Chess 1399"]
[Source "Mark Crowther"]
[SourceDate "2021.08.30"]
[SourceVersion "1"]
[SourceVersionDate "2021.08.30"]
[SourceQuality "2"]

1. e4 c5 2. Nf3 Nc6 3. d4 cxd4 4. Nxd4 Nf6 5. Nc3 e5 6. Ndb5 d6 7. Bg5 a6 8.
Na3 b5 9. Nd5 Be7 10. Bxf6 Bxf6 11. c3 O-O 12. Nc2 Bg5 13. Nce3 g6 14. Bd3 Be6
15. Qe2 f5 16. h4 Bxe3 17. Nxe3 f4 18. Nd5 Bxd5 19. exd5 Ne7 20. Be4 Qd7 21.
Qd3 a5 22. h5 Kg7 23. hxg6 hxg6 24. O-O-O Rh8 25. g3 Qg4 26. f3 Qg5 27. g4 Rab8
28. Rxh8 Kxh8 29. Rh1+ Kg7 30. Qe2 Qf6 31. Qh2 Kf7 32. Qh6 Qg7 33. Qh3 Qg8 34.
g5 Kg7 35. Qd7 Qe8 36. Qxd6 Ng8 37. Bxg6 1-0

[Event "Northumbria Masters Open"]
[Site "Newcastle"]
[Date "2021.08.30"]
[Round "9.22"]
[White "Hutchinson, Paul A"]
[Black "Gillespie, David Paul"]
[Result "1-0"]
[WhiteElo "2120"]
[BlackElo "1862"]
[PlyCount "123"]
[EventDate "2021.08.26"]
[EventType "swiss"]
[EventRounds "9"]
[EventCountry "ENG"]
[SourceTitle "The Week in Chess 1399"]
[Source "Mark Crowther"]
[SourceDate "2021.08.30"]
[SourceVersion "1"]
[SourceVersionDate "2021.08.30"]
[SourceQuality "2"]

1. d4 d5 2. Nf3 Nf6 3. Bf4 c5 4. e3 Nc6 5. Nbd2 e6 6. c3 Bd6 7. dxc5 Bxc5 8.
Be2 O-O 9. Qc2 Bd7 10. b4 Be7 11. a4 Rc8 12. Qb3 Nh5 13. Bg3 Nxg3 14. hxg3 Bf6
15. O-O Qc7 16. Rac1 Ne5 17. Nxe5 Qxe5 18. Nf3 Qb8 19. c4 dxc4 20. Bxc4 b5 21.
axb5 Bxb5 22. Rfd1 Bxc4 23. Rxc4 Rxc4 24. Qxc4 Rc8 25. Qa6 Rc7 26. b5 Rb7 27.
Rc1 h6 28. Nd4 Bxd4 29. exd4 Kh7 30. Rc5 Rb6 31. Qa4 g6 32. Qc4 Rb7 33. Kh2 Qd6
34. f4 Rd7 35. Qc3 Qxd4 36. Qxd4 Rxd4 37. Rc7 Kg7 38. Rxa7 h5 39. b6 Rb4 40. b7
Rb1 41. g4 hxg4 42. Kg3 Rb2 43. Kxg4 Rxg2+ 44. Kf3 Rb2 45. Ke3 Kf6 46. Kd4 Kf5
47. Kc5 Rc2+ 48. Kd6 Rb2 49. Kc7 Kxf4 50. b8=Q Rxb8 51. Kxb8 g5 52. Rxf7+ Kg3
53. Kc7 g4 54. Kd6 Kg2 55. Ke5 g3 56. Kf4 e5+ 57. Ke3 Kh1 58. Rh7+ Kg1 59. Kf3
g2 60. Kg3 Kf1 61. Rf7+ Kg1 62. Rf2 1-0